000 00302nam a22001337a 4500
008 170619b xxu||||| |||| 00| 0 eng d
020 _a394463544
041 _aeng
080 _a32
100 _a20
101 _aSHP
245 _aTHE POLITICS OF A GUARANTEED INCOME
_cMOYNIHAN,D.P
942 _2udc
_cBK
999 _c18081
_d18081